000 00525nam a2200193Ia 4500
005 20250508151309.0
008 008 250505s9999 xx 000 0 eng d
037 _aTextual
040 _aFEDL
_beng
_cFEDL
041 _aeng
_2eng
084 _a954, MOR
_qFEDL
100 _aMoraes F R
_9758806
245 0 _aIntroduction to India
260 _aLondon, UK
_bOxford University Press
_c1946
300 _a153p.
700 _a Stimson Robert
_9758807
942 _cTEXL
_h954, MOR
999 _c1328905
_d1328905